000 00264nam a2200097Ia 4500
001 639885
005 20250826153436.0
008 250824s9999 xx 000 0 und d
245 0 _aBABÜRNAME DEN SEÇMELER ANTİK
_cBABÜR ŞAH
260 _bANTİK DÜNYA KLASİKLERİ
999 _c639885
_d639885